[Event "Moscow Aeroflot op-B"]
[Site "Moscow"]
[Date "2020.02.25"]
[Round "7"]
[White "Mochalin, Faddey"]
[Black "Chekletsov, Ilya"]
[Result "0-1"]
[WhiteElo "2174"]
[BlackElo "2372"]
[PlyCount "118"]
[EventDate "2020.02.19"]
[EventType "swiss"]
[EventRounds "9"]
[EventCountry "RUS"]
[SourceTitle "CBM 195 Extra"]
[Source "ChessBase"]
[SourceDate "2020.05.31"]
[SourceVersion "1"]
[SourceVersionDate "2020.05.31"]
[SourceQuality "1"]

1. d4 Nf6 2. c4 e6 3. Nf3 d5 4. Nc3 dxc4 5. e4 b5 6. e5 Nd5 7. Nxb5 Nb6 8. a4 a5 9. Be2 Be7 10. 0-0 Nc6 11. Be3 Ba6 12. b3 cxb3 13. Qxb3 0-0 14. Rfc1 Nb4 15. Qd1 N6d5 16. Qd2 Kh8 17. h3 Qd7 18. Bg5 f6 19. Bh4 Rfc8 20. exf6 gxf6 21. Bg3 c6 22. Nc3 Nxc3 23. Rxc3 Nd5 24. Bxa6 Rxa6 25. Rb3 c5 26. dxc5 Bxc5 27. Rc1 Qxa4 28. Rbb1 Rac6 29. Kh2 Bb4 30. Rxc6 Qxc6 31. Qd4 Qc2 32. Bh4 Bc3 33. Qd1 Qxd1 34. Rxd1 a4 35. Nd4 a3 36. Nb3 Rb8 37. Nc1 Rb1 38. Rg1 Nb4 39. Rd1 Nd5 40. Rg1 Bd2 41. Na2 Rxg1 42. Kxg1 Kg7 43. Bg3 Nb4 44. Bf4 Bxf4 45. Nxb4 Kg6 46. Kf1 Bd6 47. Na2 Kf5 48. Ke2 Ke4 49. Kd2 Kd4 50. Kc2 Kc4 51. Nc1 Be5 52. Na2 f5 53. Nc1 f4 54. f3 Bb2 55. Nb3 Bc3 56. Nc1 e5 57. h4 h5 58. Kb1 Bb2 59. Ne2 Kb3 0-1

[Event "Moscow Aeroflot op-B"]
[Site "Moscow"]
[Date "2020.02.24"]
[Round "6"]
[White "Chekletsov, Ilya"]
[Black "Abdurakhmanov, Mukhmmadali"]
[Result "1/2-1/2"]
[WhiteElo "2372"]
[BlackElo "2245"]
[PlyCount "32"]
[EventDate "2020.02.19"]
[EventType "swiss"]
[EventRounds "9"]
[EventCountry "RUS"]
[SourceTitle "CBM 195"]
[Source "ChessBase"]
[SourceDate "2020.04.30"]
[SourceVersion "1"]
[SourceVersionDate "2020.04.30"]
[SourceQuality "1"]

1. d4 Nf6 2. c4 e6 3. g3 Bb4+ 4. Nc3 0-0 5. Bg2 d5 6. Nf3 dxc4 7. 0-0 Nbd7 8. Bg5 h6 9. Bxf6 Qxf6 10. Qc2 Qf5 11. e4 Qa5 12. Ne2 Nb6 13. Ne5 Bd6 14. Nxc4 Nxc4 15. Qxc4 e5 16. d5 Bd7 1/2-1/2

[Event "Moscow Aeroflot op-B"]
[Site "Moscow"]
[Date "2020.02.20"]
[Round "2"]
[White "Chekletsov, Ilya"]
[Black "Silich, Yahor"]
[Result "1/2-1/2"]
[WhiteElo "2372"]
[BlackElo "2194"]
[PlyCount "74"]
[EventDate "2020.02.19"]
[EventType "swiss"]
[EventRounds "9"]
[EventCountry "RUS"]
[SourceTitle "CBM 195"]
[Source "ChessBase"]
[SourceDate "2020.04.30"]
[SourceVersion "1"]
[SourceVersionDate "2020.04.30"]
[SourceQuality "1"]

1. d4 Nf6 2. c4 g6 3. Nc3 Bg7 4. e4 d6 5. Nf3 0-0 6. Be2 e5 7. Be3 Nbd7 8. 0-0 Qe7 9. Qc2 exd4 10. Nxd4 c6 11. Rad1 Re8 12. f3 a6 13. Bf2 Ne5 14. Qd2 b5 15. cxb5 axb5 16. Nc2 Be6 17. b3 Red8 18. Ne3 b4 19. Na4 Rab8 20. Rfe1 d5 21. exd5 Nxd5 22. Nxd5 Rxd5 23. Qc1 Rbd8 24. Nc5 Rxd1 25. Rxd1 Bd5 26. Bf1 Re8 27. Qf4 Ra8 28. Na6 Qf6 29. Qxf6 Bxf6 30. Nxb4 Be6 31. Bc5 Nd7 32. Bd6 c5 33. Na6 c4 34. Nc7 cxb3 35. axb3 Bxb3 36. Re1 Bd4+ 37. Kh1 Ra1 1/2-1/2

[Event "Moscow Aeroflot op-B"]
[Site "Moscow"]
[Date "2020.02.19"]
[Round "1"]
[White "Utsab, Chatterjee"]
[Black "Chekletsov, Ilya"]
[Result "1/2-1/2"]
[WhiteElo "2172"]
[BlackElo "2372"]
[PlyCount "53"]
[EventDate "2020.02.19"]
[EventType "swiss"]
[EventRounds "9"]
[EventCountry "RUS"]
[SourceTitle "CBM 195"]
[Source "ChessBase"]
[SourceDate "2020.04.30"]
[SourceVersion "1"]
[SourceVersionDate "2020.04.30"]
[SourceQuality "1"]

1. e4 e6 2. d4 d5 3. Nd2 c5 4. exd5 exd5 5. Ngf3 Nc6 6. Bb5 Qe7+ 7. Qe2 Qxe2+ 8. Kxe2 a6 9. Bxc6+ bxc6 10. dxc5 Bxc5 11. Nb3 Bd6 12. Re1 Ne7 13. Be3 0-0 14. Bc5 Nf5 15. Kf1 a5 16. Bxd6 Nxd6 17. Nfd4 a4 18. Nc5 Nb7 19. Nd3 c5 20. Nb5 Ra5 21. Nc7 d4 22. Ne5 Nd8 23. Kg1 Ra7 24. Nb5 Ra6 25. Nc7 Ra7 26. Nb5 Ra6 27. Nc7 1/2-1/2

[Event "Moscow op-A 16th"]
[Site "Moscow"]
[Date "2020.01.28"]
[Round "4"]
[White "Chekletsov, Ilya"]
[Black "Vetokhin, Savva"]
[Result "1-0"]
[WhiteElo "2372"]
[BlackElo "2113"]
[PlyCount "79"]
[EventDate "2020.01.25"]
[EventType "swiss"]
[EventRounds "9"]
[EventCountry "RUS"]
[SourceTitle "CBM 194 Extra"]
[Source "ChessBase"]
[SourceDate "2020.03.31"]
[SourceVersion "1"]
[SourceVersionDate "2020.03.31"]
[SourceQuality "1"]

1. d4 Nf6 2. c4 e6 3. g3 d5 4. Bg2 dxc4 5. Nf3 a6 6. 0-0 Nc6 7. Bg5 h6 8. Bxf6 Qxf6 9. e3 Bd7 10. Nbd2 Bd6 11. Nxc4 Qe7 12. a3 0-0 13. e4 b5 14. Ne3 e5 15. Nd5 Qe8 16. Rc1 Rc8 17. Re1 f6 18. b4 Kh8 19. h3 Ne7 20. dxe5 fxe5 21. Nb6 Rd8 22. Nxd7 Qxd7 23. Qb3 Nc8 24. Nh4 Ne7 25. f4 exf4 26. Rcd1 g5 27. Nf3 c6 28. e5 Qa7+ 29. Kh1 Bb8 30. Rxd8 Rxd8 31. Qe6 Ng8 32. gxf4 gxf4 33. Nh4 Qd7 34. Ng6+ Kg7 35. Nxf4 Qd2 36. Rf1 Qd7 37. Bxc6 Qa7 38. Rg1+ Kh8 39. Be4 Qe3 40. Rxg8+ 1-0

[Event "Khanty-Mansiysk Governor Cup rapid 15th"]
[Site "Khanty-Mansiysk"]
[Date "2019.11.28"]
[Round "11"]
[White "Chekletsov, Ilya"]
[Black "Frolyanov, Dmitry"]
[Result "0-1"]
[WhiteElo "2372"]
[BlackElo "2556"]
[PlyCount "70"]
[EventDate "2019.11.26"]
[EventType "swiss (rapid)"]
[EventRounds "11"]
[EventCountry "RUS"]
[SourceTitle "EXT 2021"]
[Source "ChessBase"]
[SourceDate "2020.10.23"]
[SourceVersion "1"]
[SourceVersionDate "2020.10.23"]
[SourceQuality "1"]

1. d4 d5 2. c4 e6 3. Nf3 Nf6 4. g3 dxc4 5. Bg2 Nc6 6. 0-0 Rb8 7. a4 a6 8. a5 Bb4 9. Na3 Bxa5 10. Nxc4 Bb4 11. Nfe5 Nxe5 12. Nxe5 0-0 13. Rxa6 bxa6 14. Nc6 Qd6 15. Nxb8 Nd5 16. e4 Ne7 17. Qa4 a5 18. Rd1 Rd8 19. e5 Qb6 20. Nc6 Nxc6 21. Qxc6 Rxd4 22. Qe8+ Bf8 23. Rf1 Ba6 24. Bg5 Qb4 25. Rc1 h6 26. Be3 Rd3 27. Bc5 Qxc5 28. Rxc5 Rd1+ 29. Bf1 Bxf1 30. Qa4 Rb1 31. Qa2 Bd3+ 32. Kg2 Bxc5 33. Qxa5 Bb6 34. Qa8+ Kh7 35. Qf3 Bf1+ 0-1

[Event "Khanty-Mansiysk Governor Cup 15th"]
[Site "Khanty-Mansiysk"]
[Date "2019.11.25"]
[Round "9"]
[White "Chekletsov, Ilya"]
[Black "Skvortsov, Andrei"]
[Result "1-0"]
[WhiteElo "2386"]
[BlackElo "2139"]
[PlyCount "111"]
[EventDate "2019.11.19"]
[EventType "swiss"]
[EventRounds "9"]
[EventCountry "RUS"]
[SourceTitle "CBM 193 Extra"]
[Source "ChessBase"]
[SourceDate "2020.01.31"]
[SourceVersion "1"]
[SourceVersionDate "2020.01.31"]
[SourceQuality "1"]

1. d4 d6 2. c4 e5 3. Nc3 exd4 4. Qxd4 Nf6 5. b3 Nc6 6. Qd2 a5 7. Bb2 a4 8. Rd1 axb3 9. axb3 Bf5 10. f3 Be7 11. e4 Be6 12. Bd3 Nd7 13. Nd5 0-0 14. Ne2 Nce5 15. Nxe7+ Qxe7 16. Bc2 Qh4+ 17. Ng3 Ra2 18. Bb1 Ra6 19. 0-0 Rb6 20. Qc3 Nc5 21. Bc2 f6 22. f4 Nc6 23. Bc1 Nb4 24. Bb1 Nc6 25. Bc2 Nb4 26. Be3 Nxc2 27. Qxc2 f5 28. exf5 Bc8 29. Rb1 Ra6 30. Bd4 Ra8 31. Rbe1 Bd7 32. b4 Na6 33. f6 gxf6 34. b5 Nc5 35. Bxc5 dxc5 36. Re7 Rf7 37. Rxf7 Kxf7 38. Qd3 Be6 39. Re1 b6 40. h3 Re8 41. Rxe6 Rxe6 42. Qd7+ Kf8 43. Qxe6 Qxg3 44. Qxf6+ Ke8 45. Qh8+ Kd7 46. Qxh7+ Kd8 47. Qe4 Kc8 48. f5 Qg5 49. Kh2 Kb8 50. h4 Qf6 51. Qf4 Kc8 52. Kh3 Kb8 53. h5 Kb7 54. h6 Qf7 55. g4 c6 56. bxc6+ 1-0

[Event "Khanty-Mansiysk Governor Cup 15th"]
[Site "Khanty-Mansiysk"]
[Date "2019.11.24"]
[Round "8"]
[White "Semenova, Elena"]
[Black "Chekletsov, Ilya"]
[Result "1-0"]
[WhiteElo "2282"]
[BlackElo "2386"]
[PlyCount "51"]
[EventDate "2019.11.19"]
[EventType "swiss"]
[EventRounds "9"]
[EventCountry "RUS"]
[SourceTitle "CBM 193 Extra"]
[Source "ChessBase"]
[SourceDate "2020.01.31"]
[SourceVersion "1"]
[SourceVersionDate "2020.01.31"]
[SourceQuality "1"]

1. e4 c5 2. Nf3 d6 3. d4 cxd4 4. Qxd4 Nc6 5. Bb5 Bd7 6. Qd3 g6 7. c4 Bg7 8. Nc3 Nf6 9. 0-0 0-0 10. a3 Bg4 11. Rb1 Nd7 12. Bxc6 bxc6 13. b4 f5 14. Nd4 Ne5 15. Qg3 fxe4 16. Nxe4 c5 17. bxc5 dxc5 18. Nc6 Nxc6 19. Qxg4 Qc8 20. Qxc8 Rfxc8 21. Be3 Bd4 22. Rb7 Rab8 23. Rfb1 Rxb7 24. Rxb7 Bxe3 25. fxe3 Kf7 26. Nd6+ 1-0

[Event "Khanty-Mansiysk Governor Cup 15th"]
[Site "Khanty-Mansiysk"]
[Date "2019.11.20"]
[Round "2"]
[White "Lysenko, Margarita"]
[Black "Chekletsov, Ilya"]
[Result "1-0"]
[WhiteElo "2243"]
[BlackElo "2386"]
[PlyCount "141"]
[EventDate "2019.11.19"]
[EventType "swiss"]
[EventRounds "9"]
[EventCountry "RUS"]
[SourceTitle "CBM 193 Extra"]
[Source "ChessBase"]
[SourceDate "2020.01.31"]
[SourceVersion "1"]
[SourceVersionDate "2020.01.31"]
[SourceQuality "1"]

1. d4 Nf6 2. c4 e6 3. Nc3 Bb4 4. f3 d5 5. a3 Bxc3+ 6. bxc3 c5 7. cxd5 Nxd5 8. dxc5 Qa5 9. e4 Nf6 10. Be3 0-0 11. Qb3 Nfd7 12. a4 Qc7 13. Qa3 b6 14. a5 bxc5 15. a6 c4 16. Qa5 Qxa5 17. Rxa5 Bxa6 18. Ne2 Rc8 19. Nd4 Nc5 20. Be2 Nbd7 21. 0-0 Rab8 22. Rfa1 Rb6 23. Bf1 h6 24. Nc2 Rc7 25. Nb4 Bb5 26. Rxa7 Rxa7 27. Rxa7 Rb7 28. Rxb7 Nxb7 29. Nc2 Ba6 30. Kf2 Kf8 31. Na3 Na5 32. Ke1 Ke7 33. Be2 Kd6 34. Nc2 Nc6 35. Na3 Na5 36. Nc2 Nc6 37. Bc1 Nce5 38. Ba3+ Kc7 39. Ne3 Kc6 40. Kd2 Nc5 41. Nc2 Ned3 42. Nb4+ Nxb4 43. Bxb4 h5 44. Bxc5 Kxc5 45. f4 g6 46. e5 Bb7 47. g3 Ba8 48. Ke3 Bb7 49. Bd1 Bc6 50. Bc2 Bd7 51. Be4 Ba4 52. Bf3 Bb5 53. Be4 Ba4 54. Bf3 Bb5 55. h4 Bc6 56. Bd1 Bb5 57. g4 hxg4 58. Bxg4 Kd5 59. Bf3+ Kc5 60. h5 gxh5 61. Bxh5 Be8 62. f5 Kd5 63. Kf4 exf5 64. Kxf5 Bd7+ 65. Kf4 Be6 66. Bf3+ Kc5 67. Kg5 Kb5 68. Bd1 Kc5 69. Kf6 Kc6 70. Bf3+ Kc5 71. Ke7 1-0

[Event "RUS-ch blitz"]
[Site "Sochi"]
[Date "2019.10.17"]
[Round "7"]
[White "Chekletsov, Ilya"]
[Black "Faizrakhmanov, Ramil"]
[Result "1-0"]
[WhiteElo "2377"]
[BlackElo "2434"]
[PlyCount "91"]
[EventDate "2019.10.17"]
[EventType "swiss (blitz)"]
[EventRounds "15"]
[EventCountry "RUS"]
[SourceTitle "CBM 192 Extra"]
[Source "Chessbase"]
[SourceDate "2019.11.06"]
[SourceVersion "1"]
[SourceVersionDate "2019.11.06"]
[SourceQuality "1"]

1. d4 Nf6 2. c4 e6 3. g3 d5 4. Bg2 dxc4 5. Nf3 Bb4+ 6. Nc3 Nc6 7. 0-0 0-0 8. Bg5 h6 9. Bxf6 Qxf6 10. Rc1 Rd8 11. Ne4 Qe7 12. Rxc4 e5 13. a3 Ba5 14. b4 Bb6 15. d5 Nd4 16. Nxd4 exd4 17. Nc5 a5 18. Rxd4 axb4 19. axb4 Bxc5 20. bxc5 Qxc5 21. Qd2 Ra3 22. Rc1 Qb6 23. Qb4 Qa6 24. e3 Ra2 25. Qc4 Ra1 26. Bf1 Rxc1 27. Qxc1 Qa5 28. Bg2 Bf5 29. g4 Bg6 30. h4 h5 31. gxh5 Bxh5 32. Rc4 c6 33. Rc5 Qb6 34. e4 cxd5 35. exd5 Qg6 36. Qg5 Qxg5 37. hxg5 Bg4 38. Rb5 Rd7 39. Be4 g6 40. Kg2 Kg7 41. Kg3 Be2 42. Rb6 Bc4 43. d6 Ba6 44. f4 f6 45. Kf3 fxg5 46. fxg5 1-0

[Event "RUS-ch blitz"]
[Site "Sochi"]
[Date "2019.10.17"]
[Round "4"]
[White "Lugovskoy, Maxim"]
[Black "Chekletsov, Ilya"]
[Result "1-0"]
[WhiteElo "2436"]
[BlackElo "2377"]
[PlyCount "125"]
[EventDate "2019.10.17"]
[EventType "swiss (blitz)"]
[EventRounds "15"]
[EventCountry "RUS"]
[SourceTitle "CBM 192 Extra"]
[Source "Chessbase"]
[SourceDate "2019.11.06"]
[SourceVersion "1"]
[SourceVersionDate "2019.11.06"]
[SourceQuality "1"]

1. d4 Nf6 2. Nc3 d5 3. Bf4 g6 4. e3 Bg7 5. Nf3 0-0 6. Ne5 c6 7. Be2 Nfd7 8. Qd2 Nxe5 9. Bxe5 f6 10. Bg3 e5 11. h4 Be6 12. h5 Nd7 13. hxg6 hxg6 14. 0-0-0 Qe7 15. f3 f5 16. f4 exd4 17. exd4 Nf6 18. Bh4 Qd6 19. Bf3 Ne4 20. Bxe4 dxe4 21. g4 Kf7 22. gxf5 Bxf5 23. Qe3 Rae8 24. Kb1 a6 25. Ne2 Rh8 26. Ng3 Qd5 27. Nxf5 Qxf5 28. Qb3+ Kf8 29. d5 e3 30. d6 e2 31. Rde1 Qd5 32. Be7+ Kf7 33. Qxd5+ cxd5 34. d7 Rxe7 35. Rxh8 Rxd7 36. Rh2 d4 37. Rhxe2 Bf6 38. Rd2 Rd8 39. a3 Rh8 40. Rd3 Rh4 41. Rf1 Ke6 42. a4 b5 43. axb5 axb5 44. Rb3 Rh5 45. Re1+ Kd6 46. Ra3 Rf5 47. Ra6+ Kc5 48. Ree6 Bh4 49. Re5+ Rxe5 50. fxe5 g5 51. Rg6 Kd5 52. e6 Kd6 53. Kc1 Bg3 54. Kd2 Bf4+ 55. Kd3 Be3 56. b4 Ke7 57. c3 Bf2 58. cxd4 Be1 59. Rxg5 Bxb4 60. Rxb5 Bd6 61. d5 Be5 62. Ke4 Bh2 63. Rb7+ 1-0

[Event "RUS-ch rapid"]
[Site "Sochi"]
[Date "2019.10.15"]
[Round "5"]
[White "Zakhartsov, Vladimir"]
[Black "Chekletsov, Ilya"]
[Result "1-0"]
[WhiteElo "2514"]
[BlackElo "2377"]
[PlyCount "81"]
[EventDate "2019.10.15"]
[EventType "swiss"]
[EventRounds "11"]
[EventCountry "RUS"]
[SourceTitle "CBM 192 Extra"]
[Source "Chessbase"]
[SourceDate "2019.11.06"]
[SourceVersion "1"]
[SourceVersionDate "2019.11.06"]
[SourceQuality "1"]

1. d4 Nf6 2. c4 e6 3. Nc3 Bb4 4. Bd2 b6 5. e3 Bb7 6. Nf3 0-0 7. Bd3 Bxc3 8. Bxc3 Ne4 9. Rc1 d6 10. 0-0 Nd7 11. Bb4 a5 12. Ba3 f5 13. Nd2 Nxd2 14. Qxd2 Qh4 15. f3 f4 16. c5 bxc5 17. dxc5 Ne5 18. cxd6 Nxd3 19. Qxd3 Ba6 20. Qe4 Bxf1 21. dxc7 Rfc8 22. Rxf1 Qf6 23. exf4 Ra7 24. Bd6 Raxc7 25. Bxc7 Rxc7 26. Qa8+ Kf7 27. Qxa5 Qd4+ 28. Kh1 Rc2 29. f5 e5 30. h3 Qxb2 31. Qd5+ Kf6 32. Qe6+ Kg5 33. Qe7+ Kxf5 34. Qf7+ Kg5 35. Qxg7+ Kf5 36. Qf7+ Kg5 37. f4+ exf4 38. Qxf4+ Kg6 39. Qf7+ Kh6 40. Rf6+ Kg5 41. Rf5+ 1-0

[Event "Eurasia Cup op"]
[Site "Ekaterinburg"]
[Date "2019.08.07"]
[Round "7"]
[White "Chekletsov, Ilya"]
[Black "Larichev, Dmitry"]
[Result "1-0"]
[WhiteElo "2374"]
[BlackElo "2225"]
[PlyCount "98"]
[EventDate "2019.07.31"]
[EventType "swiss"]
[EventRounds "9"]
[EventCountry "RUS"]
[SourceTitle "CBM 191 Extra"]
[Source "ChessBase"]
[SourceDate "2019.09.30"]
[SourceVersion "1"]
[SourceVersionDate "2019.09.30"]
[SourceQuality "1"]

1. d4 Nf6 2. c4 e6 3. g3 d5 4. Bg2 b6 5. cxd5 exd5 6. Nf3 Be7 7. Qa4+ Bd7 8. Qc2 0-0 9. 0-0 c5 10. b3 Nc6 11. Bb2 Rc8 12. dxc5 bxc5 13. Nbd2 Nb4 14. Qd1 c4 15. a3 c3 16. Bxc3 Rxc3 17. axb4 Qb6 18. Ne5 Bb5 19. Nb1 Rcc8 20. Na3 Bxb4 21. Nxb5 Qxb5 22. Rxa7 Bc3 23. Nd3 Ne4 24. Nf4 Nd2 25. Nxd5 Nxf1 26. Ne7+ Kh8 27. Nxc8 Nd2 28. Nd6 Qc5 29. Rd7 Kg8 30. Ne4 Nxe4 31. Bxe4 g6 32. Qd3 Be1 33. Qf3 Qc3 34. Qxc3 Bxc3 35. Bd5 Kg7 36. h4 Kf6 37. Kg2 h6 38. Kf3 Bb4 39. e4 Be7 40. Bc4 Re8 41. e5+ Kg7 42. Ke4 Kf8 43. f4 Ra8 44. g4 Ra1 45. f5 Re1+ 46. Kf4 g5+ 47. Kf3 Ke8 48. Bb5 Kf8 49. f6 Ke8 1-0

[Event "Eurasia Cup op"]
[Site "Ekaterinburg"]
[Date "2019.08.03"]
[Round "4"]
[White "Sivuk, Vitaly"]
[Black "Chekletsov, Ilya"]
[Result "1/2-1/2"]
[WhiteElo "2570"]
[BlackElo "2374"]
[PlyCount "154"]
[EventDate "2019.07.31"]
[EventType "swiss"]
[EventRounds "9"]
[EventCountry "RUS"]
[SourceTitle "CBM 191 Extra"]
[Source "ChessBase"]
[SourceDate "2019.09.30"]
[SourceVersion "1"]
[SourceVersionDate "2019.09.30"]
[SourceQuality "1"]

1. d4 Nf6 2. c4 e6 3. Nf3 b6 4. g3 Ba6 5. b3 Bb7 6. Bg2 Bb4+ 7. Bd2 c5 8. 0-0 0-0 9. dxc5 Bxc5 10. Qc2 Nc6 11. Rd1 Qe7 12. Nc3 d5 13. cxd5 Nb4 14. Qb2 Nbxd5 15. a3 Nxc3 16. Bxc3 Rac8 17. e3 b5 18. a4 a6 19. axb5 axb5 20. Ra5 Bc6 21. Ne1 Bb4 22. Bxf6 Qxf6 23. Qxf6 gxf6 24. Ra6 Bxg2 25. Nxg2 Ra8 26. Rb6 Rfb8 27. Rxb8+ Rxb8 28. Nf4 Kf8 29. Rd7 Ke8 30. Ra7 Bc5 31. Ra6 Rc8 32. Ra5 Rb8 33. Nd3 Bd6 34. Kf1 b4 35. Nb2 f5 36. Nc4 Be7 37. Ke2 Rc8 38. f3 Kf8 39. h3 Rc7 40. g4 fxg4 41. hxg4 f6 42. f4 h6 43. e4 Rd7 44. Ra6 Kf7 45. f5 e5 46. Ra5 Rd4 47. Ke3 Rd1 48. Rd5 Rb1 49. Nd2 Rg1 50. Kf3 h5 51. gxh5 Rg5 52. Nc4 Rxh5 53. Ne3 Rh2 54. Rd7 Ke8 55. Rb7 Rb2 56. Nd5 Rxb3+ 57. Kg4 Bd8 58. Rb8 Kd7 59. Rxb4 Rxb4 60. Nxb4 Ke8 61. Kh5 Kf7 62. Kh6 Ba5 63. Nd3 Bb6 64. Kh7 Be3 65. Nb2 Bb6 66. Nc4 Bc5 67. Na5 Bb6 68. Nb7 Ke7 69. Kg7 Kd7 70. Kxf6 Kc7 71. Kxe5 Kxb7 72. Kd6 Bd4 73. e5 Kc8 74. f6 Kd8 75. f7 Bxe5+ 76. Kxe5 Ke7 77. Kf5 Kxf7 1/2-1/2

[Event "Budapest FS05 GM"]
[Site "Budapest"]
[Date "2019.05.14"]
[Round "9"]
[White "Chekletsov, Ilya"]
[Black "Czebe, Attila"]
[Result "1/2-1/2"]
[WhiteElo "2387"]
[BlackElo "2422"]
[PlyCount "55"]
[EventDate "2019.05.04"]
[EventType "tourn"]
[EventRounds "9"]
[EventCountry "HUN"]
[EventCategory "7"]
[SourceTitle "CBM 190 Extra"]
[Source "ChessBase"]
[SourceDate "2019.07.15"]
[SourceVersion "1"]
[SourceVersionDate "2019.07.15"]
[SourceQuality "1"]

1. d4 d6 2. c4 e5 3. Nc3 exd4 4. Qxd4 Nf6 5. b3 g6 6. Bb2 Bg7 7. g3 0-0 8. Bg2 c6 9. Qd2 Be6 10. e4 d5 11. exd5 cxd5 12. Nxd5 Nxd5 13. Bxg7 Kxg7 14. cxd5 Qf6 15. Rc1 Bg4 16. Qc3 Nd7 17. Qxf6+ Nxf6 18. Ne2 Bxe2 19. Kxe2 Rfe8+ 20. Kd3 Rad8 21. Rhe1 Rxe1 22. Rxe1 Nxd5 23. Bxd5 Rxd5+ 24. Kc3 Rc5+ 25. Kd3 Rd5+ 26. Kc3 Rc5+ 27. Kd3 Rd5+ 28. Kc3 1/2-1/2

[Event "Budapest FS05 GM"]
[Site "Budapest"]
[Date "2019.05.13"]
[Round "8"]
[White "Om, Kharola"]
[Black "Chekletsov, Ilya"]
[Result "0-1"]
[WhiteElo "2329"]
[BlackElo "2387"]
[PlyCount "54"]
[EventDate "2019.05.04"]
[EventType "tourn"]
[EventRounds "9"]
[EventCountry "HUN"]
[EventCategory "7"]
[SourceTitle "CBM 190 Extra"]
[Source "ChessBase"]
[SourceDate "2019.07.15"]
[SourceVersion "1"]
[SourceVersionDate "2019.07.15"]
[SourceQuality "1"]

1. e4 c5 2. Nf3 d6 3. d4 cxd4 4. Nxd4 Nf6 5. Nc3 g6 6. Be2 Bg7 7. 0-0 0-0 8. Re1 Nc6 9. Nb3 Be6 10. Bg5 a5 11. Bb5 h6 12. Bf4 Nd7 13. Bxc6 bxc6 14. Nd4 Qb6 15. Be3 Qxb2 16. Qd2 Qb4 17. Rab1 Qc4 18. f4 c5 19. Nde2 Kh7 20. Qd3 Rfb8 21. Rf1 Rxb1 22. Rxb1 Rb8 23. Rf1 Rb2 24. Bc1 Qxd3 25. cxd3 Rc2 26. f5 gxf5 27. exf5 Bxa2 0-1

[Event "Karlsruhe Grenke op"]
[Site "Karlsruhe"]
[Date "2019.04.22"]
[Round "9"]
[White "Kozul, Zdenko"]
[Black "Chekletsov, Ilya"]
[Result "0-1"]
[WhiteElo "2589"]
[BlackElo "2373"]
[PlyCount "74"]
[EventDate "2019.04.18"]
[EventType "swiss"]
[EventRounds "9"]
[EventCountry "GER"]
[SourceTitle "CBM 189 Extra"]
[Source "ChessBase"]
[SourceDate "2019.06.03"]
[SourceVersion "1"]
[SourceVersionDate "2019.06.03"]
[SourceQuality "1"]

1. Nf3 Nf6 2. c4 e6 3. g3 a6 4. Bg2 b5 5. b3 Bb7 6. 0-0 c5 7. Nc3 Qb6 8. e3 d6 9. Qe2 b4 10. Na4 Qc7 11. Bb2 Nbd7 12. a3 a5 13. axb4 axb4 14. Ne1 Bxg2 15. Nxg2 Be7 16. g4 0-0 17. g5 Ne8 18. f4 Qc6 19. e4 Nc7 20. d3 f6 21. h4 d5 22. cxd5 exd5 23. Ne3 d4 24. Nf5 Qe6 25. Qc2 Rfc8 26. Rac1 Bf8 27. gxf6 Qxf6 28. Rf2 Kh8 29. Qc4 Ne6 30. h5 Nxf4 31. Rxf4 Qg5+ 32. Kh1 Qxf4 33. Qe6 Ne5 34. h6 Rc6 35. Nxc5 Rxe6 36. Nxe6 Qf3+ 37. Kg1 Qe2 0-1

[Event "Karlsruhe Grenke op"]
[Site "Karlsruhe"]
[Date "2019.04.21"]
[Round "6"]
[White "Chekletsov, Ilya"]
[Black "Suvorov, Luca"]
[Result "1-0"]
[WhiteElo "2373"]
[BlackElo "2236"]
[PlyCount "83"]
[EventDate "2019.04.18"]
[EventType "swiss"]
[EventRounds "9"]
[EventCountry "GER"]
[SourceTitle "CBM 189 Extra"]
[Source "ChessBase"]
[SourceDate "2019.06.03"]
[SourceVersion "1"]
[SourceVersionDate "2019.06.03"]
[SourceQuality "1"]

1. d4 Nf6 2. c4 e6 3. g3 d5 4. Bg2 Bb4+ 5. Nd2 c6 6. Qc2 0-0 7. Ngf3 Nbd7 8. 0-0 Qe7 9. e4 dxe4 10. Nxe4 Nxe4 11. Qxe4 Nf6 12. Qe2 Rd8 13. Rd1 Bd6 14. Bd2 Bd7 15. Ne5 Be8 16. Nd3 Rac8 17. Bc3 b6 18. b4 b5 19. Nc5 bxc4 20. Qxc4 Nd5 21. Re1 Rb8 22. Rab1 Rb6 23. a3 Rdb8 24. Rbc1 Rb5 25. Bd2 Rd8 26. Re2 Rb6 27. Nb3 h6 28. h3 Bd7 29. Na5 Qf6 30. Ree1 Nc7 31. Qd3 Bf8 32. Nc4 Ra6 33. Bf4 Nb5 34. Be5 Qf5 35. Qe3 Be8 36. Red1 f6 37. g4 Qg6 38. Bg3 Qf7 39. Na5 Bd6 40. Bxd6 Rxd6 41. a4 Nc7 42. Nb7 1-0

[Event "Karlsruhe Grenke op"]
[Site "Karlsruhe"]
[Date "2019.04.20"]
[Round "5"]
[White "Schulze, Marc Andre"]
[Black "Chekletsov, Ilya"]
[Result "1/2-1/2"]
[WhiteElo "2181"]
[BlackElo "2373"]
[PlyCount "53"]
[EventDate "2019.04.18"]
[EventType "swiss"]
[EventRounds "9"]
[EventCountry "GER"]
[SourceTitle "CBM 189 Extra"]
[Source "ChessBase"]
[SourceDate "2019.06.03"]
[SourceVersion "1"]
[SourceVersionDate "2019.06.03"]
[SourceQuality "1"]

1. d4 Nf6 2. Bf4 e6 3. e3 b6 4. Nf3 Bb7 5. Bd3 Be7 6. h3 c5 7. Nbd2 d6 8. c3 Nbd7 9. Qe2 Qc7 10. 0-0 0-0 11. e4 e5 12. dxe5 dxe5 13. Bh2 Rfe8 14. Ba6 Bd6 15. a4 Nf8 16. Bxb7 Qxb7 17. Nc4 Bc7 18. Rfe1 Ng6 19. Rad1 Qc6 20. Qc2 Rac8 21. Bg3 Bb8 22. Nh4 Nxh4 23. Bxh4 Nh5 24. Rd2 h6 25. Red1 Nf4 26. Bg3 Ng6 27. Rd5 1/2-1/2

[Event "Riga Tech op 8th"]
[Site "Riga"]
[Date "2018.08.09"]
[Round "6"]
[White "Praggnanandhaa, Rameshbabu"]
[Black "Chekletsov, Ilya"]
[Result "1/2-1/2"]
[WhiteElo "2532"]
[BlackElo "2379"]
[PlyCount "61"]
[EventDate "2018.08.06"]
[EventType "swiss"]
[EventRounds "9"]
[EventCountry "LAT"]
[SourceTitle "CBM 185 Extra"]
[Source "ChessBase"]
[SourceDate "2018.07.29"]
[SourceVersion "1"]
[SourceVersionDate "2018.07.29"]
[SourceQuality "1"]

1. Nf3 Nf6 2. g3 b6 3. Bg2 Bb7 4. 0-0 e6 5. d3 d5 6. Nbd2 Nbd7 7. b3 Bc5 8. Bb2 0-0 9. a3 a5 10. e4 dxe4 11. Ng5 Be7 12. Ngxe4 Rb8 13. f4 Nxe4 14. dxe4 Re8 15. Qe2 Bf8 16. Rad1 Qe7 17. Nf3 Rbd8 18. e5 Nb8 19. Kh1 Rxd1 20. Rxd1 Rd8 21. Re1 Qd7 22. g4 Bc5 23. Ra1 Nc6 24. Qe1 Qc8 25. Qh4 Qd7 26. Qh3 Ne7 27. Re1 Bf2 28. Rf1 Bc5 29. Re1 Bf2 30. Rf1 Bc5 31. Re1 1/2-1/2

[Event "Riga Tech op 8th"]
[Site "Riga"]
[Date "2018.08.08"]
[Round "4"]
[White "Stauskas, Lukas"]
[Black "Chekletsov, Ilya"]
[Result "0-1"]
[WhiteElo "2256"]
[BlackElo "2379"]
[PlyCount "68"]
[EventDate "2018.08.06"]
[EventType "swiss"]
[EventRounds "9"]
[EventCountry "LAT"]
[SourceTitle "CBM 185 Extra"]
[Source "ChessBase"]
[SourceDate "2018.07.29"]
[SourceVersion "1"]
[SourceVersionDate "2018.07.29"]
[SourceQuality "1"]

1. Nf3 Nf6 2. c4 e6 3. d4 b6 4. g3 Bb7 5. Bg2 Be7 6. 0-0 0-0 7. Re1 Na6 8. Ne5 d5 9. cxd5 exd5 10. Nc3 c5 11. dxc5 Nxc5 12. Nb5 Ne6 13. Be3 Bc5 14. Nd4 Qd6 15. f4 Rfe8 16. Rc1 Rac8 17. Qd3 Nxd4 18. Bxd4 Ba6 19. Bxc5 bxc5 20. Qa3 Qb6 21. e3 Red8 22. Red1 Bb5 23. g4 Be2 24. Rd2 Bxg4 25. Nxg4 Nxg4 26. Rxd5 Rxd5 27. Bxd5 Qh6 28. Rc2 Qg6 29. f5 Qg5 30. Rxc5 Nxe3+ 31. Kh1 Rd8 32. Qb3 Kh8 33. Bf3 Qf4 34. Bg2 h6 0-1